Внесок зарубіжних українців у формування художнього фонду Музею історії Національного університету "Острозька академія" та популяризацію творчості митців діаспори (Запис № 578604)

МАРК-запис
000 -Лідер
fixed length control field 01031naa a2200205 4500
001 - Контрольний номер
control field 2162214035925935
003 - Ідентифікатор контрольного номера
control field UA-OsUOA
005 - Дата та час останнього входження (трансакції)
control field 20250425134936.0
008 - Елементи даних фіксованої довжини – загальна інформація
fixed length control field 250425b un ||||| |||| 00| 0 ukr d
040 ## - Джерело каталогізації
Агенція оригінальної каталогізації UA-OsUOA
Мова каталогізації ukr
Агенція, яка здійснювала перезапис UA-OsUOA
Агенція, яка здійснювала модифікацію UA-OsUOA
041 ## - Код мови
Код мови тексту/ звукової доріжки чи окремого заголовка (П) ukr
080 ## - Індекс Універсальної десяткової класифікації
Індекс Універсальної десяткової класифікації (УДК) (НП) 908
090 ## - Локальний шифр розміщення
Класифікаційний індекс УДК 908
100 ## - Основне введення – ім’я особи
Ім’я особи (НП) Хеленюк А.
9 (RLIN) 19936
245 ## - Відомості про назву
Назва (НП) Внесок зарубіжних українців у формування художнього фонду Музею історії Національного університету "Острозька академія" та популяризацію творчості митців діаспори
Дані про відповідальність (НП) Анастасія Хеленюк
300 ## - Фізичний опис
Обсяг С. 214–219
650 ## - Додаткове предметне введення – тематичний термін
Джерело заголовка чи терміна UDC
773 0# - Введення хост-одиниці (П)
Бібліонома 443554
Host Itemnumber 451118
Місце, видавець та дата видання (НП) Вид-во НаУОА 2015 Острог
Інший ідентифікатор одиниці опису 162202
Назва (НП) Наукові записки Національного університету "Острозька академія". Серія "Історичні науки"
Міжнародний стандартний серіальний номер (ISSN) 24096806
942 ## - Додаткові елементи входу (Коха)
Source of classification or shelving scheme Universal Decimal Classification
Тип елемента Koha Складова частина документа

Немає доступних примірників.